[Event "220th YMCA Autumn A"]
[Site "Warsaw"]
[Date "2019.12.06"]
[Round "12"]
[White "Omar, Mohamed"]
[Black "Koziol, Pawel"]
[Result "1-0"]
[WhiteElo "1864"]
[BlackElo "1822"]
[PlyCount "95"]
[EventDate "2019.09.20"]
[EventType "tourn"]
[EventRounds "1"]
[EventCountry "POL"]
[SourceDate "2019.09.20"]

1. e4 c5 2. Nc3 Nc6 3. d3 g6 4. g3 Bg7 5. Bg2 e6 6. Be3 d6 7. Qd2 Nge7 8. Bh6
Bxh6 9. Qxh6 Nd4 10. Qd2 Nec6 11. Nge2 Bd7 12. O-O h5 13. h4 Qc7 14. Nxd4 Nxd4
15. Ne2 Nxe2+ 16. Qxe2 e5 17. c3 Qb6 18. Rfd1 O-O-O 19. Rab1 Kb8 20. b4 Bg4 21.
Bf3 Bxf3 22. Qxf3 Rhf8 23. bxc5 Qxc5 24. d4 Qa5 25. dxe5 dxe5 26. Rd5 Rxd5 27.
exd5 Qxa2 28. Rd1 Qa4 29. c4 Qxc4 30. Qf6 Qc7 31. d6 Qd7 32. Qxe5 Rd8 33. Qd5
Qe6 34. Qc5 Rc8 35. Qg5 Qg4 36. Qd5 Qd7 37. Kh2 Qf5 38. Qd4 Qd7 $11 39. Kg2 a6
40. Rd2 Rc1 41. f3 Qb5 42. Qf2 Qd7 43. Qe2 Rc8 44. Qe7 Rd8 45. Qe5 Qe6 46. Qc5
Rc8 47. Qb6 Qe1 48. Rb2 1-0

[Event "220th YMCA Autumn A"]
[Site "Warsaw"]
[Date "2019.12.12"]
[Round "13"]
[White "Koziol, Pawel"]
[Black "Poniewierski, Piotr"]
[Result "0-1"]
[WhiteElo "1822"]
[BlackElo "1885"]
[PlyCount "172"]
[EventDate "2019.09.20"]
[EventType "tourn"]
[EventRounds "1"]
[EventCountry "POL"]
[SourceDate "2019.09.20"]

1. f4 d5 2. e3 g6 3. Nf3 Bg7 4. Be2 c6 5. O-O Nh6 6. Qe1 O-O 7. d3 Bg4 8. Na3
Nd7 9. c3 f6 10. e4 dxe4 11. dxe4 Nc5 12. Bc4+ Kh8 13. h3 Bxf3 14. Rxf3 Nf7 15.
b4 Nd7 16. Be3 Qc7 17. Rd1 Nd6 18. Be6 a5 19. Nc4 axb4 20. cxb4 Rfd8 21. Nxd6
exd6 22. Bd4 Nf8 23. Bb3 Re8 24. Qc3 Qe7 25. f5 c5 26. bxc5 dxc5 27. Bxc5 Qxe4
28. Bd5 Qa4 29. Rd4 Qa5 30. Bb4 Qb6 31. Kh1 Rac8 32. Qd2 Bh6 33. Qb2 Rc1+ 34.
Kh2 Qc7+ 35. Rg3 Re3 36. Rdg4 Rxg3 37. Rxg3 Qb6 38. h4 Bf4 39. Qa3 Qc7 40. Be1
Bd6 41. Qe3 Bxg3+ 42. Bxg3 Qc5 43. Qh6 Qg1+ 44. Kh3 Qc5 45. Bf2 Rc3+ 46. Bf3
Qxf5+ 47. Kh2 Qe5+ 48. Bg3 Qe7 49. Qd2 Rc8 50. Bd6 Qg7 51. Qf4 b5 52. Qb4 Ne6
53. Qxb5 Nd4 54. Qd3 Nxf3+ 55. Qxf3 Rd8 56. Bb4 Qc7+ 57. Kh3 Qd7+ 58. Kh2 Qf5
59. Qxf5 gxf5 60. Be7 Ra8 61. Bxf6+ Kg8 62. Kg3 Kf7 63. Bg5 Rxa2 64. Kh3 Ke6
65. Bf4 Kd5 66. h5 Ke4 67. g3 Kf3 68. Kh4 Ke4 69. Kg5 Ra6 70. Kh4 Rc6 71. Kg5
Ra6 72. Kh4 h6 73. Bc1 Ra1 74. Bxh6 Rh1+ 75. Kg5 Rh3 76. Kg6 Rxg3+ 77. Kf7 Rh3
78. Kg6 f4 79. Bf8 f3 80. Bc5 Kd5 81. Be3 Ke6 82. Kg5 Ke5 83. Kg6 Ke4 84. Bf2
Rh2 85. Ba7 Ra2 86. Bc5 Ra6+ 0-1

[Event "220th YMCA Autumn A"]
[Site "Warsaw"]
[Date "2019.12.04"]
[Round "13"]
[White "Choroszej, Aleksander"]
[Black "Omar, Mohamed"]
[Result "1-0"]
[WhiteElo "2054"]
[BlackElo "1864"]
[PlyCount "95"]
[EventDate "2019.09.20"]
[EventType "tourn"]
[EventRounds "1"]
[EventCountry "POL"]
[SourceDate "2019.09.20"]

1. d4 d5 2. c4 e6 3. Nc3 c6 4. e3 f5 5. g4 fxg4 6. Qxg4 Nf6 7. Qg2 Bb4 8. Bd3
Qe7 9. Nf3 dxc4 10. Bxc4 Ne4 11. Bd2 Nxd2 12. Nxd2 Nd7 13. O-O-O Nb6 14. Bb3
Bxc3 15. bxc3 Bd7 16. Rhg1 g6 17. Kb2 O-O-O 18. Qg3 Be8 19. Ne4 Bf7 20. Ng5 h6
21. Nf3 a5 22. a4 g5 23. Ne5 Bh5 24. Rd2 Be8 25. Nd3 Nd7 26. Ne5 Nb6 27. Rc2
Qd6 28. Qg4 Nd5 29. Nc4 Qxh2 30. Ne5 Rf8 31. Rg2 Qh4 32. Qxe6+ Bd7 33. Nxd7
Rxd7 34. Bxd5 cxd5 35. c4 Qh1 36. cxd5+ Kd8 37. Qb6+ Ke8 38. Rc8+ Kf7 39. Qe6+
Kg7 40. Qxd7+ Rf7 41. Qg4 Qe1 42. f4 Qb4+ 43. Kc1 Qe1+ 44. Kc2 Qxe3 45. Qe2 Qh3
46. Qe5+ Kg6 47. Rg8+ Kh5 48. R8xg5+ 1-0

[Event "220th YMCA Autumn A"]
[Site "Warsaw"]
[Date "2019.12.10"]
[Round "13"]
[White "Matyszkiewicz, Wiktor"]
[Black "Kosny, Marek"]
[Result "1-0"]
[WhiteElo "1844"]
[BlackElo "1861"]
[PlyCount "57"]
[EventDate "2019.09.20"]
[EventType "tourn"]
[EventRounds "1"]
[EventCountry "POL"]
[SourceDate "2019.09.20"]

1. e4 e5 2. Nf3 Nf6 3. Nxe5 d6 4. Nf3 Nxe4 5. Nc3 Nxc3 6. dxc3 Be7 7. Bd3 Bg4
8. Be3 Nd7 9. h3 Bh5 10. g4 Bg6 11. Nd4 Ne5 12. Qe2 Nxd3+ 13. cxd3 h5 14. O-O-O
Qd7 15. f4 f5 16. Bf2 O-O-O 17. gxf5 Bf7 18. Ne6 Bxe6 19. fxe6 Qa4 20. Kb1 Qxf4
21. Bd4 c5 22. Bxg7 Rhg8 23. Rdf1 Qh4 24. Rhg1 Rde8 25. Qh2 Bg5 26. Qxd6 Rxg7
27. Rf8 Rge7 28. Rxe8+ Rxe8 29. Qd7+ 1-0